Effect of porcine somatotropin on metabolism, testicular size and sperm characteristics in young boars (Registro n. 300906)
[ somente texto ]
| 000 -LÍDER | |
|---|---|
| fixed length control field | 04213nab a2200445 i 4500 |
| 003 - CÓDIGO MARC DA AGÊNCIA CATALOGADORA | |
| Campo de controle | BR-BrBNA |
| 005 - DATA E HORA DA ÚLTIMA ATUALIZAÇÃO | |
| Campo de controle | 20240815133215.0 |
| 008 - CAMPO DE TAMANHO FIXO | |
| fixed length control field | 240815b2018 bl.|r|pooa||| 00| 0 eng | |
| 040 ## - FONTE DA CATALOGAÇÃO | |
| Agência catalogadora | BR-BrBNA |
| Idioma da catalogação | eng |
| 072 ## - CATEGORIA AGRIS | |
| Código AGRIS | L53 |
| Código do objeto | 5300 |
| 072 ## - CATEGORIA AGRIS | |
| Código AGRIS | L50 |
| 100 ## - ENTRADA PRINCIPAL - NOME PESSOAL | |
| Nome pessoal | Rabassa, V.R. |
| 100 ## - ENTRADA PRINCIPAL - NOME PESSOAL | |
| Nome pessoal | Feijó, J.O. |
| 100 ## - ENTRADA PRINCIPAL - NOME PESSOAL | |
| Nome pessoal | Perazzol, D. |
| 100 ## - ENTRADA PRINCIPAL - NOME PESSOAL | |
| Nome pessoal | Pereira, C.M. |
| 100 ## - ENTRADA PRINCIPAL - NOME PESSOAL | |
| Nome pessoal | Schild, A.L.P. |
| 100 ## - ENTRADA PRINCIPAL - NOME PESSOAL | |
| Nome pessoal | Lucia Júnior, T. |
| 100 ## - ENTRADA PRINCIPAL - NOME PESSOAL | |
| Nome pessoal | Corcini, C.D. |
| 100 ## - ENTRADA PRINCIPAL - NOME PESSOAL | |
| Nome pessoal | Schmitt, E. |
| 100 ## - ENTRADA PRINCIPAL - NOME PESSOAL | |
| Nome pessoal | Schneider, A. |
| 100 ## - ENTRADA PRINCIPAL - NOME PESSOAL | |
| Nome pessoal | Pino, F.A.B.D. |
| 100 ## - ENTRADA PRINCIPAL - NOME PESSOAL | |
| Nome pessoal | Bianchi, I. |
| 100 ## - ENTRADA PRINCIPAL - NOME PESSOAL | |
| Nome pessoal | Corrêa, M.N. |
| 245 ## - TÍTULO PRINCIPAL | |
| Título principal | Effect of porcine somatotropin on metabolism, testicular size and sperm characteristics in young boars |
| 500 ## - NOTA GERAL | |
| Nota geral | Publicação online; 30 ref.; 3 illus.; 2 tables; Summaries (En, Pt) |
| 942 ## - ADDED ENTRY ELEMENTS (KOHA) | |
| Koha item type | |
| 520 ## - NOTA DE RESUMO | |
| Nota de conteúdo | <br/><br/>ABSTRACT - The aim of this study was to evaluate the effect of pST injections on metabolism, testicular size, and sperm characteristics in young boars. Sixty 22-day old piglets were divided into two groups: pST (n=30) and Control (n=30). The pST group was submitted to pST injections (90µg/kg body weight) every three days up to 330 days of age. Blood collections were performed weekly. Testicular weight was measures at 22, 82, 142, 202 and 365 days of age. Libido and fresh semen characteristics were evaluated between 150 and 210 days of age. Semen characteristics were also evaluated during a 72h storage period (15ºC). Testosterone, albumin, and phosphorus blood concentrations were higher in the pST group (P<0.05). The pST group had a higher IGF-I concentration in seminal plasma (P=0.05) and higher testicular weight (P<0.001) compared to the Control group. The pST group had higher ejaculate volume (P<0.001), total sperm count (P=0.047) and number of inseminating doses/ejaculate (P=0.047). During the 72h storage period, the pST group had a lower number of morphological alterations (P<0.001) compared to the Control group. In sum, pST injection in young boars increased testosterone concentration, testicular size, and sperm quality.<br/><br/><br/>Keywords: swine, growth hormone, pST, testicle, semen |
| 520 ## - NOTA DE RESUMO | |
| Nota de conteúdo | <br/><br/>RESUMO - O objetivo deste estudo foi determinar o efeito da administração de pST sobre o metabolismo, o tamanho testicular e a qualidade espermática de cachaços jovens. Foram usados leitões com 22 dias de idade, divididos em dois grupos: pST (n=30) e controle (n=30). O grupo pST foi submetido a injeções de pST (90µg/kg de peso vivo) a cada três dias até 330 dias de idade. Peso testicular foi avaliado aos 22, 82, 142, 202 e 365 dias de idade. Libido e qualidade do sêmen fresco foram avaliados entre 150 e 210 dias de idade. Qualidade espermática foi avaliada durante refrigeração (15ºC) por um período de 72 horas. Concentrações sanguíneas de testosterona, albumina e fósforo foram maiores no grupo pST (P<0,05). O grupo pST apresentou maior concentração de IGF-I no plasma seminal (P=0,05) e maior peso testicular, quando comparado ao grupo controle (P<0,001). O grupo pST apresentou maior volume espermático (P<0,001), concentração espermática (P=0,047) e número de doses espermáticas por ejaculado (P=0,047). Durante o período de 72 horas de refrigeração, o grupo pST teve menor número de patologias espermáticas (P<0,001). Assim, conclui-se que a administração de pST aumenta a concentração sanguínea de testosterona, o tamanho testicular e a qualidade espermática de cachaços jovens.<br/><br/><br/>Palavras-chave: suíno, hormônio do crescimento, pST, testículo, sêmen |
| 650 ## - ASSUNTO - THESAGRO | |
| Cabeçalho tópico ou nome geográfico | SUÍNO |
| 650 ## - ASSUNTO - THESAGRO | |
| Cabeçalho tópico ou nome geográfico | REPRODUÇÃO ANIMAL |
| 650 ## - ASSUNTO - THESAGRO | |
| Cabeçalho tópico ou nome geográfico | CRESCIMENTO |
| 650 ## - ASSUNTO - THESAGRO | |
| Cabeçalho tópico ou nome geográfico | HORMÔNIO |
| 650 ## - ASSUNTO - THESAGRO | |
| Cabeçalho tópico ou nome geográfico | TESTÍCULO |
| 650 ## - ASSUNTO - THESAGRO | |
| Cabeçalho tópico ou nome geográfico | SÊMEN |
| 650 ## - ASSUNTO - THESAGRO | |
| Cabeçalho tópico ou nome geográfico | MATURIDADE SEXUAL |
| 650 ## - ASSUNTO - THESAGRO | |
| Cabeçalho tópico ou nome geográfico | BIOQUÍMICA ANIMAL |
| 773 0# - ENTRADA ANALÍTICA | |
| Host Biblionumber | 1643 |
| Registro do item | 317174 |
| Imprenta | Belo Horizonte-MG Universidade Federal de Minas Gerais - Escola de Veterinaria 1983 |
| Outro identificador | 2024-3790 |
| Título | Arquivo Brasileiro de Medicina Veterinária e Zootecnia (Brazil) |
| ISSN | 0102-0935 |
| Colação | v. 70(1) p. 73-81; (2018) |
| Número de controle de registro | BR2024002275 |
| 856 ## - ACESSO E ENDEREÇO ELETRÔNICO | |
| Identificador uniforme de recurso - URI | https://www.scielo.br/j/abmvz/a/fnkzFsTsfMb775wn7C6dNcR/?format=pdf&lang=en |
Nenhum exemplar disponível.

BINAGRI